000 00376pam a2200157a 44500
008 230515b1983 xxu||||| |||| 00| 0 eng d
020 _aNULL
041 _aENGL
082 _a621.31042 /SAY
100 _aSAY M.G.
245 _aPERFORMANCE & DESIGN OF ALTERNATING CURRENT MACHINES
250 _aN.D.
260 _aNULL
_bC.B.S
_c1983
300 _a664 PB
650 _aNULL
999 _c623025
_d623025